| Поле | Инд. | ПП | Название | Значение |
|---|---|---|---|---|
| Тип записи | m | |||
| Библиографический уровень | m | |||
| 001 | Контрольный номер | 7093ba5123254d7cab59dd054dd7dfb8 | ||
| 005 | Дата корректировки | 20251225145556.3 | ||
| 008 | Кодируемые данные | 251222|||||||||ru |||||||||||||||||rus|| | ||
| 041 | 0_ | a | Код языка текста | rus |
| 084 | a | Индекс другой классификации/Индекс ББК | 81.2Англ-923.7 | |
| 203 | a | Вид содержания | Текст | |
| c | Тип средства | электронный | ||
| 245 | 10 | a | Заглавие | COMPUTER SCIENCE AND ENGINEERING |
| b | Продолж. заглавия | методические указания по развитию навыков устной речи и чтения по дисциплине "Профессиональный иностранный язык" для обучающихся направлений бакалавриата 09.03.01 "Информатика и вычислительная техника", 09.03.02 "Информационные системы и технологии", 09.03.03 "Прикладная информатика" | ||
| c | Ответственность | Министерство науки и высшего образования Российской Федерации, Федеральное государственное автономное образовательное учреждение высшего образования "Мурманский арктический университет", Кафедра филологии, межкультурной коммуникации и журналистики ; составитель Т. П. Волкова | ||
| h | Физич. носитель | Электронный ресурс | ||
| 256 | a | Характеристики компьютерного файла | Электрон. текстовые дан. (1 файл : 1,23 Мб) | |
| 260 | a | Место издания | Мурманск | |
| b | Издательство | МАУ | ||
| c | Дата издания | 2025 | ||
| 500 | a | Примечание | Доступ из локальной сети Мурман. аркт. ун-та. - Загл. с экрана | |
| 500 | a | Примечание | URL: https://elib.mauniver.ru/2025/M_25_23.pdf | |
| 504 | a | Библиография | Библиогр.: с.86 | |
| 583 | x | Служебное примечание | Информатика и вычислительная техника. ВПО | |
| x | Служебное примечание | Информационные системы и технологии. ВПО | ||
| x | Служебное примечание | Прикладная информатика. ВПО | ||
| x | Служебное примечание | Профессиональный иностранный язык. ВПО | ||
| z | Открытое примечание | 09.03.01; 09.03.02; 09.03.03 | ||
| 653 | 0_ | a | Ключевые слова | Информатика и вычислительная техника |
| a | Ключевые слова | Информационные системы | ||
| a | Ключевые слова | Методические указания | ||
| a | Ключевые слова | Профессиональный английский язык | ||
| a | Ключевые слова | Труды преподавателей МАУ | ||
| a | Ключевые слова | Электронные версии | ||
| 700 | 12 | a | Другие авторы | Волкова Т. П. |
| e | Роль лиц | Составитель | ||
| 856 | 40 | u | URL | https://elib.mauniver.ru/2025/M_25_23.pdf |
| 901 | t | Тип документа | m |